000 00420nam a2200157Ia 4500
003 GCL
008 140319s9999 xx 000 0 eng d
040 _aGCL /
_cGCL
082 0 4 _a300.72
_bM E
100 1 _aMALEC, MICHAEL
245 1 0 _aESSENTIAL STATISTICS FOR SOCIAL RESEARCH /
_cMALEC, MICHAEL
260 _a[S.N] :
_bWESTVIEW PRESS ،
_c1993
300 _a289 P
650 0 4 _aSTATISTICAL METHODS
942 _2ddc
_cBK
999 _c25556
_d25556